000 00770nam a2200217 a 4500
001 004891
003 BD-ChCU
008 Ben
020 _a
040 _aDLC
_cDLC
_dBD-ChCU
082 0 0 _a১৮১.১৫/ঢালী৩৬বা
100 1 _aঢালী, মুহাম্মদ আবদুল হাই
_b-
245 1 0 _aবাংলাদেশ দর্শন
_b-
250 _a***
260 _aচট্টগ্রাম
_bমিতা ট্রেডার্স
_c১৯৯১
300 _a**
504 _aগ্রন্থপঞ্জি ও নির্ঘন্ট সংবলিত Biblio-
650 0 _aদর্শন, বাংলাদেশী
_bদর্শন, বাংলাদেশী
700 1 _a-
942 _2ddc
_cBK
999 _c4891
_d4891